00712nam a22002057a 450000500170000000800410001704000070005804100120006508200220007710000410009924500620014026000390020230000280024165000220026970000430029170000330033494200120036799900190037995201080039820220714091738.0220714b ||||| |||| 00| 0 eng d cAL aEnglish 223a940.284bSHAK aMuhammad Muhammadi Ray Shahri948921 aKey to the Continuity of Revolution: In Nahji Al Balaghah aTehranbFoundation Islamic Thought a131 p.bPBc21x14.2 cm. aRevolution948922 aSHAHRI (Muhammad Muhammadi Ray)948923 aAFGHANI (Ali Reza) Tr948924 2ddccGF c223749d223749 00102ddc40708HISaALbALd2013-03-23l0o940.284 SHAKpGF01087r2022-07-14 00:00:00w2022-07-14yGF